[Event "TUR-chT 2nd League"]
[Site "Denizli"]
[Date "2023.07.14"]
[Round "8.61"]
[White "Keskin, Osman Orcun"]
[Black "Zor, Alber Kadir"]
[Result "1-0"]
[WhiteElo "1809"]
[BlackElo "2058"]
[PlyCount "97"]
[EventDate "2023.07.09"]
[EventType "team-swiss"]
[EventRounds "9"]
[EventCountry "TUR"]
[SourceTitle "CBM 215 Extra"]
[Source "ChessBase"]
[SourceDate "2023.09.30"]
[SourceVersion "1"]
[SourceVersionDate "2023.09.30"]
[SourceQuality "1"]
[WhiteTeam "Celik"]
[BlackTeam "Nida"]
[WhiteTeamCountry "TUR"]
[BlackTeamCountry "TUR"]

1. d4 c5 2. d5 Nf6 3. c4 g6 4. Nc3 d6 5. e4 Bg7 6. f3 0-0 7. Be3 e6 8. dxe6 Bxe6 9. Nb5 a6 10. Nxd6 Qb6 11. e5 Nfd7 12. f4 f6 13. Qb3 Qxb3 14. axb3 b6 15. exf6 Bxf6 16. 0-0-0 Nc6 17. Ne2 b5 18. Nc3 Nd4 19. Bxd4 Bxd4 20. g3 Rab8 21. Re1 Bg4 22. Bg2 Nf6 23. h3 Bd7 24. Re7 Bxc3 25. bxc3 bxc4 26. bxc4 Rb3 27. Ne4 Nxe4 28. Bxe4 Bf5 29. Bxf5 gxf5 30. Kd2 Rd8+ 31. Kc2 Rdb8 32. Re5 Rb2+ 33. Kd3 Rg2 34. Rxc5 Rbb2 35. Rxf5 Rxg3+ 36. Kd4 Rd2+ 37. Kc5 h6 38. Rf6 Rxc3 39. Rxa6 Rdc2 40. Ra4 Rf3 41. Rg1+ Kf7 42. Ra7+ Kf8 43. Rb1 Re2 44. Rb8+ Re8 45. Rxe8+ Kxe8 46. Kb6 Rxf4 47. c5 Rb4+ 48. Kc7 Rb3 49. c6 1-0

[Event "Istanbul op"]
[Site "Istanbul"]
[Date "2022.08.08"]
[Round "1"]
[White "Zor, Alber Kadir"]
[Black "Annaberdiev, Meilis"]
[Result "0-1"]
[WhiteElo "2126"]
[BlackElo "2484"]
[PlyCount "60"]
[EventDate "2022.08.08"]
[EventType "swiss"]
[EventRounds "9"]
[EventCountry "TUR"]
[SourceTitle "CBM 209 Extra"]
[Source "ChessBase"]
[SourceDate "2022.09.30"]
[SourceVersion "1"]
[SourceVersionDate "2022.09.30"]
[SourceQuality "1"]

1. Nf3 d5 2. g3 c6 3. Bg2 Bg4 4. h3 Bxf3 5. Bxf3 e5 6. d3 Nf6 7. 0-0 Bc5 8. e4 dxe4 9. dxe4 Qe7 10. Nd2 Nbd7 11. Qe2 h5 12. Bg2 h4 13. g4 Nh7 14. c3 a5 15. Nc4 0-0 16. a4 Ng5 17. Rd1 Rfd8 18. Be3 Ne6 19. Rd2 Bxe3 20. Qxe3 Ndc5 21. Rxd8+ Rxd8 22. Nxe5 Qc7 23. Nc4 Rd3 24. Qe1 Nf4 25. Ne3 Nce6 26. Rd1 Nxg2 27. Nxg2 Rxh3 28. e5 Ng5 29. Qe2 Nf3+ 30. Kf1 Rh1# 0-1

[Event "Ankara Baskent Univ op-A 5th"]
[Site "Ankara"]
[Date "2022.07.02"]
[Round "1"]
[White "Gunduz, Umut Erdem"]
[Black "Zor, Alber Kadir"]
[Result "1/2-1/2"]
[WhiteElo "2368"]
[BlackElo "2116"]
[PlyCount "70"]
[EventDate "2022.07.02"]
[EventType "swiss"]
[EventRounds "9"]
[EventCountry "TUR"]
[SourceTitle "CBM 209 Extra"]
[Source "ChessBase"]
[SourceDate "2022.09.30"]
[SourceVersion "1"]
[SourceVersionDate "2022.09.30"]
[SourceQuality "1"]

1. e4 e5 2. Nf3 Nc6 3. Bb5 Nf6 4. d3 Bc5 5. c3 d5 6. Nbd2 dxe4 7. dxe4 0-0 8. 0-0 a5 9. Qe2 Qe7 10. Nb3 Bb6 11. Bg5 Nd8 12. Rfd1 Ne6 13. Be3 Bxe3 14. Qxe3 a4 15. Nbd2 Nc5 16. h3 h6 17. b4 axb3 18. axb3 Bd7 19. Bxd7 Ncxd7 20. Nh4 Kh7 21. b4 g6 22. Ra7 Rxa7 23. Qxa7 Qd6 24. Qxb7 Rb8 25. Qa7 Nxe4 26. Qa2 Kg7 27. Qc2 Nxd2 28. Qxd2 Qxd2 29. Rxd2 Nf6 30. Nf3 c5 31. bxc5 Rc8 32. Re2 Rxc5 33. Rxe5 Rxc3 34. Re7 Kf8 35. Rb7 Rc5 1/2-1/2

[Event "Titled Tuesday intern op 26th Apr Late"]
[Site "Chess.com INT"]
[Date "2022.04.26"]
[Round "1"]
[White "Vlassov, Nikolai"]
[Black "Zor, Alber Kadir"]
[Result "0-1"]
[WhiteElo "2294"]
[BlackElo "2133"]
[PlyCount "86"]
[EventDate "2022.04.26"]
[EventType "swiss (blitz)"]
[EventRounds "11"]
[EventCountry "USA"]
[SourceTitle "CBM 208 Extra"]
[Source "ChessBase"]
[SourceDate "2022.07.31"]
[SourceVersion "1"]
[SourceVersionDate "2022.07.31"]
[SourceQuality "1"]

1. e4 c5 2. c3 Nf6 3. e5 Nd5 4. d4 cxd4 5. cxd4 d6 6. Bc4 Nb6 7. Bb3 dxe5 8. Qh5 e6 9. dxe5 Nc6 10. Nc3 Be7 11. Nf3 0-0 12. Bc2 g6 13. Qh6 Nd4 14. Nxd4 Qxd4 15. Bf4 Nd5 16. Nxd5 exd5 17. 0-0 Qxb2 18. Bb3 Be6 19. Rad1 Rad8 20. Rfe1 a5 21. h4 a4 22. Bxa4 Qxa2 23. Ra1 Qc4 24. h5 Ra8 25. Rec1 Qd4 26. Rd1 Qe4 27. Re1 Rxa4 28. Rxe4 Rxa1+ 29. Kh2 dxe4 30. Bg5 Bxg5 31. Qxg5 Rc8 32. h6 b5 33. Qf6 Kf8 34. Qg7+ Ke7 35. Qxh7 b4 36. Qg7 b3 37. h7 b2 38. h8Q Rxh8+ 39. Qxh8 b1Q 40. Qf6+ Kd7 41. Kg3 Qd3+ 42. Kh4 Rh1+ 43. Kg5 Rh5+ 0-1

[Event "Titled Tuesday intern op 19th Apr Early"]
[Site "Chess.com INT"]
[Date "2022.04.19"]
[Round "2"]
[White "Ljukin, Sergei"]
[Black "Zor, Alber Kadir"]
[Result "1-0"]
[WhiteElo "2362"]
[BlackElo "2133"]
[PlyCount "69"]
[EventDate "2022.04.19"]
[EventType "swiss (blitz)"]
[EventRounds "11"]
[EventCountry "USA"]
[SourceTitle "EXT 2023"]
[Source "ChessBase"]
[SourceDate "2022.10.05"]
[SourceVersion "1"]
[SourceVersionDate "2022.10.05"]
[SourceQuality "1"]

1. e4 c5 2. Nf3 d6 3. d4 cxd4 4. Nxd4 Nf6 5. Nc3 Nc6 6. Bc4 Qb6 7. Nb3 e6 8. Bg5 Be7 9. Bxf6 gxf6 10. Qh5 Ne5 11. Be2 Bd7 12. f4 Nc6 13. Rf1 Nd4 14. Bd3 Nxb3 15. axb3 Qe3+ 16. Be2 Bc6 17. Qf3 Qxf3 18. Bxf3 a6 19. 0-0-0 0-0-0 20. f5 Rhg8 21. h3 Kc7 22. Bg4 Bd7 23. Ne2 Rg5 24. Nf4 h5 25. Bxh5 Bf8 26. Bg4 Bh6 27. Kb1 exf5 28. exf5 Bc6 29. Nh5 Bxg2 30. Rfe1 Bc6 31. Nxf6 Bg7 32. Re7+ Rd7 33. Nxd7 Bxd7 34. Rxf7 Be5 35. f6 1-0

[Event "Titled Tuesday intern op 19th Apr Late"]
[Site "Chess.com INT"]
[Date "2022.04.19"]
[Round "6"]
[White "Zor, Alber Kadir"]
[Black "Avramidou, Anastasia"]
[Result "0-1"]
[WhiteElo "2133"]
[BlackElo "2274"]
[PlyCount "120"]
[EventDate "2022.04.19"]
[EventType "swiss (blitz)"]
[EventRounds "11"]
[EventCountry "USA"]
[SourceTitle "EXT 2023"]
[Source "ChessBase"]
[SourceDate "2022.10.05"]
[SourceVersion "1"]
[SourceVersionDate "2022.10.05"]
[SourceQuality "1"]

1. e4 g6 2. d4 Bg7 3. Nc3 c6 4. f4 d5 5. e5 Nh6 6. Nf3 0-0 7. Bd3 f6 8. 0-0 Bg4 9. Ne2 Bxf3 10. Rxf3 fxe5 11. fxe5 Rxf3 12. gxf3 Qd7 13. Qf1 Nf5 14. Qg2 Na6 15. c3 Rf8 16. f4 Nc7 17. Bd2 Ne6 18. Bxf5 Rxf5 19. Ng3 Rf8 20. Rf1 Nc7 21. f5 gxf5 22. Nh5 Rf7 23. Bh6 Ne8 24. Nf4 e6 25. Kh1 Kf8 26. Bg5 Bh8 27. Rg1 Qc8 28. Nh5 Qc7 29. Nf6 Nxf6 30. Bxf6 Ke8 31. Bxh8 Kd7 32. Bf6 Qc8 33. Qg8 c5 34. Qxc8+ Kxc8 35. Rg7 Rxg7 36. Bxg7 Kd7 37. Kg2 Kc6 38. Kf3 Kb5 39. Bf8 Kc4 40. dxc5 Kd3 41. c6 bxc6 42. Bb4 Kc2 43. b3 Kb2 44. a4 Kxb3 45. Bc5 a6 46. a5 Kxc3 47. Ke3 Kc4 48. Bd4 c5 49. Ba1 d4+ 50. Kd2 Kd5 51. Kd3 c4+ 52. Kd2 Kxe5 53. Kc2 Kd5 54. Kd2 e5 55. Ke2 e4 56. Kd2 c3+ 57. Ke2 Kc4 58. Kd1 Kb3 59. Bxc3 Kxc3 60. Kc1 Kb4 0-1

[Event "Titled Tuesday intern op 19th Apr Early"]
[Site "Chess.com INT"]
[Date "2022.04.19"]
[Round "3"]
[White "Zor, Alber Kadir"]
[Black "Gharibyan, Mamikon"]
[Result "1-0"]
[WhiteElo "2133"]
[BlackElo "2480"]
[PlyCount "69"]
[EventDate "2022.04.19"]
[EventType "swiss (blitz)"]
[EventRounds "11"]
[EventCountry "USA"]
[SourceTitle "EXT 2023"]
[Source "ChessBase"]
[SourceDate "2022.10.05"]
[SourceVersion "1"]
[SourceVersionDate "2022.10.05"]
[SourceQuality "1"]

1. e4 e5 2. Nf3 Nc6 3. d4 exd4 4. Nxd4 Bc5 5. Nb3 Bb4+ 6. c3 Be7 7. Bf4 d6 8. N1d2 Nf6 9. Qc2 0-0 10. 0-0-0 a5 11. a4 Ng4 12. Nf3 Bf6 13. h3 Nge5 14. Nxe5 Nxe5 15. Bg3 Bd7 16. Nd4 Re8 17. f4 Ng6 18. Bd3 Bh4 19. Bh2 c6 20. g3 Bf6 21. g4 h6 22. Nf5 Qc7 23. Bg3 b5 24. h4 h5 25. Nxd6 Qxd6 26. e5 Qc5 27. gxh5 Qe3+ 28. Kb1 Qxg3 29. hxg6 Be7 30. gxf7+ Kxf7 31. Rdg1 Qe3 32. Bg6+ Kf8 33. Bxe8 Bxe8 34. Qh7 Qd3+ 35. Qxd3 1-0

[Event "Titled Tuesday intern op 19th Apr Late"]
[Site "Chess.com INT"]
[Date "2022.04.19"]
[Round "4"]
[White "Zor, Alber Kadir"]
[Black "Vusatiuk, Vladimir"]
[Result "0-1"]
[WhiteElo "2133"]
[BlackElo "2308"]
[PlyCount "106"]
[EventDate "2022.04.19"]
[EventType "swiss (blitz)"]
[EventRounds "11"]
[EventCountry "USA"]
[SourceTitle "EXT 2023"]
[Source "ChessBase"]
[SourceDate "2022.10.05"]
[SourceVersion "1"]
[SourceVersionDate "2022.10.05"]
[SourceQuality "1"]

1. e4 c5 2. Nf3 d6 3. d4 cxd4 4. Nxd4 Nf6 5. Nc3 Nc6 6. Bg5 Bd7 7. Qd2 Rc8 8. 0-0-0 Nxd4 9. Qxd4 Qa5 10. f4 Rxc3 11. bxc3 e5 12. Qb4 Qxb4 13. cxb4 Nxe4 14. Bh4 g5 15. fxg5 h6 16. gxh6 Bxh6+ 17. Kb2 Bd2 18. Be1 Bxe1 19. Rxe1 Ng3 20. Rg1 Rxh2 21. Bc4 f5 22. Bd5 Bc6 23. Bxc6+ bxc6 24. Re3 f4 25. Rc3 Ne2 26. Rxc6 Nxg1 27. Rxd6 Ke7 28. Ra6 Rxg2 29. Rxa7+ Kd6 30. Ra6+ Kd5 31. Ra5+ Ke4 32. b5 f3 33. b6 f2 34. b7 Rg8 35. Ra8 f1Q 36. Rxg8 Qb5+ 37. Ka1 Qxb7 38. Rxg1 Kf3 39. Rb1 Qc6 40. a3 Qc3+ 41. Ka2 e4 42. Rb3 Qxb3+ 43. Kxb3 e3 44. Kc4 e2 45. a4 e1Q 46. Kb5 Qe2+ 47. Kb6 Qxc2 48. a5 Qc8 49. Ka7 Ke4 50. a6 Kd5 51. Kb6 Qb8+ 52. Ka5 Kc5 53. a7 Qb5# 0-1

[Event "TUR Cup"]
[Site "Adapazari"]
[Date "2022.03.30"]
[Round "9"]
[White "Zor, Alber Kadir"]
[Black "Ozsakallioglu, Okan"]
[Result "1/2-1/2"]
[WhiteElo "2133"]
[BlackElo "2270"]
[PlyCount "47"]
[EventDate "2022.03.25"]
[EventType "swiss"]
[EventRounds "11"]
[EventCountry "TUR"]
[SourceTitle "EXT 2023"]
[Source "ChessBase"]
[SourceDate "2022.10.05"]
[SourceVersion "1"]
[SourceVersionDate "2022.10.05"]
[SourceQuality "1"]

1. e4 c6 2. d4 d5 3. Nd2 dxe4 4. Nxe4 Bf5 5. Ng3 Bg6 6. h4 h6 7. Nf3 Nd7 8. h5 Bh7 9. Bd3 Bxd3 10. Qxd3 Ngf6 11. Bd2 e6 12. 0-0-0 Be7 13. Qe2 0-0 14. Nf1 c5 15. g4 cxd4 16. g5 Nd5 17. gxh6 Qb6 18. Rg1 Ba3 19. Rxg7+ Kh8 20. bxa3 Nc3 21. Bxc3 dxc3 22. Rh7+ Kg8 23. Rg7+ Kh8 24. Rh7+ 1/2-1/2

[Event "Titled Tuesday intern op 02nd Nov"]
[Site "Chess.com INT"]
[Date "2021.11.02"]
[Round "3"]
[White "Al Tarbosh, Ward"]
[Black "Zor, Alber Kadir"]
[Result "1-0"]
[WhiteElo "2177"]
[BlackElo "2147"]
[PlyCount "39"]
[EventDate "2021.11.02"]
[EventType "swiss (blitz)"]
[EventRounds "11"]
[EventCountry "USA"]
[SourceTitle "CBM 205 Extra"]
[Source "ChessBase"]
[SourceDate "2022.01.31"]
[SourceVersion "1"]
[SourceVersionDate "2022.01.31"]
[SourceQuality "1"]

1. e4 e5 2. Nf3 Nc6 3. Bb5 Nf6 4. 0-0 Nxe4 5. d4 Nd6 6. Bxc6 dxc6 7. dxe5 Nf5 8. Qxd8+ Kxd8 9. Nc3 Be7 10. b3 Be6 11. Bb2 c5 12. Rad1+ Kc8 13. Nd5 Bxd5 14. Rxd5 Rd8 15. Rfd1 Rxd5 16. Rxd5 c6 17. Rd3 a5 18. g4 Nh4 19. Nxh4 Bxh4 20. Rf3 1-0

[Event "Ankara Ipek Memorial 8th"]
[Site "Ankara"]
[Date "2020.03.05"]
[Round "2"]
[White "Kayaman, Metin"]
[Black "Zor, Alber Kadir"]
[Result "0-1"]
[WhiteElo "1519"]
[BlackElo "2119"]
[PlyCount "68"]
[EventDate "2020.03.04"]
[EventType "swiss"]
[EventRounds "7"]
[EventCountry "TUR"]
[SourceTitle "CBM 195 Extra"]
[Source "ChessBase"]
[SourceDate "2020.05.31"]
[SourceVersion "1"]
[SourceVersionDate "2020.05.31"]
[SourceQuality "1"]

1. d4 Nf6 2. Nf3 d5 3. c4 e6 4. Nc3 Bb4 5. e3 0-0 6. Bd3 b6 7. cxd5 exd5 8. 0-0 Ba6 9. a3 Bxc3 10. bxc3 Bxd3 11. Qxd3 Nc6 12. a4 Na5 13. Ne5 Nd7 14. Nf3 Re8 15. Re1 Nf6 16. Ne5 c5 17. Rb1 Rc8 18. f3 h6 19. Qf5 cxd4 20. cxd4 Nc4 21. Nd3 Rc7 22. Nb4 a5 23. Nd3 Rce7 24. Kf2 Qd6 25. Qf4 Qc6 26. Ra1 Re6 27. g4 Ne4+ 28. fxe4 Rf6 29. e5 Rxf4+ 30. Nxf4 f6 31. exf6 Qxf6 32. Kg3 Rf8 33. Ba3 Nxa3 34. Rxa3 g5 0-1

[Event "Ankara Ipek Memorial 8th"]
[Site "Ankara"]
[Date "2020.03.04"]
[Round "1"]
[White "Zor, Alber Kadir"]
[Black "Yilmaz, Zulfikar Baran"]
[Result "1-0"]
[WhiteElo "2119"]
[BlackElo "1370"]
[PlyCount "95"]
[EventDate "2020.03.04"]
[EventType "swiss"]
[EventRounds "7"]
[EventCountry "TUR"]
[SourceTitle "CBM 195 Extra"]
[Source "ChessBase"]
[SourceDate "2020.05.31"]
[SourceVersion "1"]
[SourceVersionDate "2020.05.31"]
[SourceQuality "1"]

1. d4 d5 2. Nf3 e6 3. g3 Nf6 4. Bg2 Be7 5. 0-0 0-0 6. c4 b6 7. Ne5 Bb7 8. Nc3 Nbd7 9. Qa4 Nxe5 10. dxe5 Nd7 11. cxd5 exd5 12. Nxd5 Bxd5 13. Bxd5 Nc5 14. Qd1 Rc8 15. Bc6 Qxd1 16. Rxd1 Rfd8 17. Be3 h6 18. f4 Ne6 19. Kf2 Bc5 20. Bd7 Bxe3+ 21. Kxe3 Rb8 22. Bxe6 fxe6 23. b4 c5 24. bxc5 bxc5 25. Rxd8+ Rxd8 26. Rb1 Rd7 27. Rb8+ Kf7 28. Rc8 Kg6 29. Rxc5 Rb7 30. Rc6 Kf5 31. Kf3 h5 32. h3 Rb2 33. g4+ hxg4+ 34. hxg4+ Kg6 35. Rxe6+ Kf7 36. Ra6 Rb7 37. f5 Re7 38. Kf4 Rb7 39. e4 Ke7 40. g5 Kf7 41. g6+ Ke7 42. f6+ gxf6 43. exf6+ Kf8 44. Re6 Rd7 45. g7+ Kf7 46. Re7+ Rxe7 47. fxe7 a6 48. g8Q+ 1-0

[Event "TUR-chT 2nd League"]
[Site "Konya"]
[Date "2019.07.27"]
[Round "8.3"]
[White "Zor, Alber Kadir"]
[Black "Ozsakallioglu, Okan"]
[Result "1/2-1/2"]
[WhiteElo "2160"]
[BlackElo "2243"]
[PlyCount "63"]
[EventDate "2019.07.22"]
[EventType "team-swiss"]
[EventRounds "9"]
[EventCountry "TUR"]
[SourceTitle "CBM 191 Extra"]
[Source "ChessBase"]
[SourceDate "2019.09.30"]
[SourceVersion "1"]
[SourceVersionDate "2019.09.30"]
[SourceQuality "1"]
[WhiteTeam "Apaydin Satranc Spor"]
[BlackTeam "Koroglu Dernegi"]
[WhiteTeamCountry "TUR"]
[BlackTeamCountry "TUR"]

1. d4 d5 2. c4 c6 3. cxd5 cxd5 4. Nc3 Nc6 5. Nf3 Nf6 6. Bf4 Bf5 7. e3 e6 8. Bd3 Bxd3 9. Qxd3 Bd6 10. Bxd6 Qxd6 11. 0-0 0-0 12. a3 a6 13. h3 Rfc8 14. Rfc1 h6 15. Rc2 Rc7 16. Rac1 Rac8 17. Ne2 Ne7 18. Rxc7 Rxc7 19. Rxc7 Qxc7 20. Qc3 Qxc3 21. Nxc3 Nc6 22. Kf1 Kf8 23. Ke2 Ke7 24. Kd3 Kd6 25. Nd2 Nd7 26. b4 b5 27. Nb3 Nb6 28. Nc5 Nc4 29. Nxa6 Nxa3 30. h4 h5 31. g3 g6 32. f4 1/2-1/2

[Event "TUR-chT 2nd League"]
[Site "Konya"]
[Date "2019.07.25"]
[Round "5.2"]
[White "Ozenir, Ekin Baris"]
[Black "Zor, Alber Kadir"]
[Result "1-0"]
[WhiteElo "2235"]
[BlackElo "2160"]
[PlyCount "129"]
[EventDate "2019.07.22"]
[EventType "team-swiss"]
[EventRounds "9"]
[EventCountry "TUR"]
[SourceTitle "CBM 191 Extra"]
[Source "ChessBase"]
[SourceDate "2019.09.30"]
[SourceVersion "1"]
[SourceVersionDate "2019.09.30"]
[SourceQuality "1"]
[WhiteTeam "Beyazkale Satranc Evi"]
[BlackTeam "Apaydin Satranc Spor"]
[WhiteTeamCountry "TUR"]
[BlackTeamCountry "TUR"]

1. d4 d5 2. c4 dxc4 3. e4 Nc6 4. d5 Ne5 5. Nf3 Nxf3+ 6. Qxf3 e6 7. Bxc4 exd5 8. Bxd5 Nf6 9. Bb3 Bb4+ 10. Nc3 Qe7 11. 0-0 0-0 12. Bg5 c6 13. Rfe1 Qe5 14. Bf4 Qh5 15. Qxh5 Nxh5 16. Bd2 Be6 17. e5 Bxc3 18. bxc3 g6 19. Rad1 Bxb3 20. axb3 f6 21. Bh6 Ng7 22. exf6 Rxf6 23. Bxg7 Kxg7 24. Re7+ Rf7 25. Rxf7+ Kxf7 26. Rd7+ Ke6 27. Rxb7 Rd8 28. Kf1 Rd1+ 29. Ke2 Rb1 30. Rxa7 Rxb3 31. Rxh7 Rxc3 32. Rg7 Rc2+ 33. Kd3 Rxf2 34. Rxg6+ Kf7 35. Rg5 Ra2 36. h4 Ra3+ 37. Ke2 Kf6 38. Rc5 Kg6 39. Rxc6+ Kh5 40. Rc4 Rg3 41. Kf2 Ra3 42. Kg1 Rb3 43. Kh2 Ra3 44. g3 Ra1 45. Kg2 Ra5 46. Kh3 Ra3 47. Rc5+ Kh6 48. h5 Rb3 49. Kh4 Rb4+ 50. g4 Ra4 51. Rc6+ Kh7 52. h6 Ra1 53. Kh5 Ra2 54. Rc7+ Kh8 55. g5 Ra5 56. Re7 Kg8 57. Kg6 Ra6+ 58. Kf5 Ra1 59. Kf6 Rf1+ 60. Kg6 Rf8 61. Kh5 Rf1 62. Ra7 Rb1 63. Ra8+ Kf7 64. g6+ Kf6 65. Rf8+ 1-0

[Event "TUR-ch"]
[Site "Kemer"]
[Date "2018.10.29"]
[Round "3"]
[White "Zor, Alber Kadir"]
[Black "Erdogdu, Mert"]
[Result "0-1"]
[WhiteElo "2167"]
[BlackElo "2406"]
[PlyCount "78"]
[EventDate "2018.10.27"]
[EventType "tourn"]
[EventRounds "11"]
[EventCountry "TUR"]
[EventCategory "4"]
[SourceTitle "CBM 187 Extra"]
[Source "ChessBase"]
[SourceDate "2018.11.04"]
[SourceVersion "1"]
[SourceVersionDate "2018.11.04"]
[SourceQuality "1"]

1. e4 e5 2. Nf3 Nc6 3. Bc4 Nf6 4. d3 Bc5 5. 0-0 0-0 6. h3 a6 7. a4 Re8 8. Re1 h6 9. Nbd2 Bf8 10. c3 d6 11. Qb3 Re7 12. a5 b5 13. axb6 cxb6 14. Qa2 Na5 15. Bd5 Nxd5 16. exd5 Bf5 17. Ne4 Nb7 18. b4 Rc7 19. Bd2 Bh7 20. Qb3 f5 21. Ng3 Kh8 22. c4 a5 23. Ra2 axb4 24. Bxb4 Nc5 25. Bxc5 bxc5 26. Rea1 Rb8 27. Qxb8 Qxb8 28. Ra8 Rb7 29. Rxb8 Rxb8 30. Kf1 Kg8 31. Ra7 Re8 32. Ke2 e4 33. dxe4 f4 34. Nh5 Rxe4+ 35. Kd1 Rxc4 36. g4 fxg3 37. fxg3 Be4 38. Nh4 Bxd5 39. Kd2 Bf7 0-1

[Event "TUR-ch"]
[Site "Kemer"]
[Date "2018.10.28"]
[Round "2"]
[White "Gunduz, Umut Erdem"]
[Black "Zor, Alber Kadir"]
[Result "1/2-1/2"]
[WhiteElo "2205"]
[BlackElo "2167"]
[PlyCount "82"]
[EventDate "2018.10.27"]
[EventType "tourn"]
[EventRounds "11"]
[EventCountry "TUR"]
[EventCategory "4"]
[SourceTitle "CBM 187 Extra"]
[Source "ChessBase"]
[SourceDate "2018.11.04"]
[SourceVersion "1"]
[SourceVersionDate "2018.11.04"]
[SourceQuality "1"]

1. e4 c6 2. d4 d5 3. Nd2 dxe4 4. Nxe4 Nf6 5. Nxf6+ exf6 6. c3 Bd6 7. Bd3 0-0 8. Ne2 Re8 9. Qc2 h5 10. Be3 Nd7 11. 0-0-0 Nf8 12. Kb1 Be6 13. h4 b5 14. Be4 Qd7 15. Ka1 f5 16. Bf3 Bd5 17. Rh3 g6 18. Nf4 Bxf4 19. Bxf4 Bxf3 20. Rxf3 Qd5 21. Qd2 Re4 22. Rd3 Nd7 23. f3 Re6 24. Re3 Rae8 25. Rde1 Nb6 26. b3 Qd7 27. Rxe6 Rxe6 28. Be5 f6 29. Bb8 Rxe1+ 30. Qxe1 Kg7 31. Kb2 a5 32. Qe3 Nd5 33. Qe2 a4 34. Qe1 Kf7 35. Bg3 a3+ 36. Kc2 b4 37. c4 Nc3 38. Qe3 Nxa2 39. Be1 Qe6 40. Qxe6+ Kxe6 41. f4 Kd6 1/2-1/2